Normal view MARC view

Entry Topical Term

Number of records used in: 1

001 - CONTROL NUMBER

  • control field: 56566

003 - CONTROL NUMBER IDENTIFIER

  • control field: OSt

005 - DATE AND TIME OF LATEST TRANSACTION

  • control field: 20250827160540.0

008 - FIXED-LENGTH DATA ELEMENTS

  • fixed length control field: 250827|| aca||aabn | a|a d

040 ## - CATALOGING SOURCE

  • Original cataloging agency: OSt
  • Transcribing agency: OSt

150 ## - HEADING--TOPICAL TERM

  • Topical term or geographic name entry element: Hindu identity, Colonial Punjab, Lala Lajpat Rai, Hindu nationalism, Religious consciousness, Identity politics, Arya Samaj, Ideological activism, National movement, Hindu Mahasabha, Cultural nationalism, Political reform, Regional specificity, Late colonial India, Hindu–Muslim dynamics, Punjab politics, Reformist movements, Hindu socio-political thought, Historical evolution, Religious identity formation

670 ## - SOURCE DATA FOUND

  • Source citation: Work cat.: (OSt)527250: Tuteja, K.L. 56565, Visions of Hindu identity and Indian nationalism

Powered by Koha